A Football Team for each European Country - Statistics

General Stats
  • This quiz has been taken 218 times
    68 since last reset
  • The average score is 35 of 53
Answer Stats
Country Teams % Correct
Germany Bayern Munich | Bayer Leverkusen | Eintracht Frankfurt | RB Leipzig | Mainz | Wolfsburg | Fribourg | Stuttgart | Werder Bremen | Borussia Dortmund | Borussia Monchengladbach | Augsburg | Union Berlin | St. Pauli | Hoffenheim | Heidenheim | Hamburger | Koln
97%
England Liverpool | Arsenal | Nottingham Forest | Newcastle | Chelsea | Manchester City | Bournemouth | Aston Villa | Fulham | Brentford | Brighton | West Ham | Tottemham | Manchester United | Crystal Palace | Everton | Wolverhampton | Leeds | Sunderland | Burnley
95%
Spain Atlético Madrid | Real Madrid | Barcelona | Athletic Bilbao | Villarreal | Mallorca | Real Sociedad | Girona | Rayo Vallecano | Betis | Osasuna | Celta Vigo | Sevilla | Getafe | Alavés | Espanyol | Valencia | Levante | Elche | Real Oviedo
94%
Netherlands PSV Eindhoven | Ajax | Utrecht | Feyenoord | Twente | AZ Alkmaar | Go Ahead Eagles | Fortuna Sittard | Heerenveen | NAC Breda | NEC | Groningen | Zwolle | Heracles | Sparta Rotterdam | Volendam | Excelsior | Telstar
92%
France PSG | Olympique Marseille | Monaco | Nice | Lille | Lyon | Lens | Tolouse | Racing Strasbourg | Auxerre | Brest | Angers | Rennes | Nantes | Le Havre | Lorient | Paris FC | Metz
90%
Portugal Sporting Lisbon | Porto | Benfica | Braga | Santa Clara | Vitória Guimarães | Casa Pia | Moreirense | Famalicão | Rio Ave | Gil Vicente | Estoril Praia | Estrela Amadora | CD Nacional | AVS | Arouca | Tondela | Alverca
90%
Scotland Celtic | Rangers | Dundee United | Aberdeen | Motherwell | Hibernian | Dundee | St. Mirren | KIlmarnrock | Hearts | Falkirk | Livingston
89%
Ital Napoli | Inter | Atalanta | Lazio | Juventus | Fiorentina | AC Milan | Bologna | Udinese | Roma | Genoa | Torino | Lecce | Pisa | Parma | Como | Verona | Cagliari | Cremonese | Sassuolo
89%
Greece Olympiacos | AEK | Panathinaikos | PAOK | Aris | Asteras | OFI | Panaitolikos | Atromitos | Volos Neos | Levadiakos | Mousikos Gymnastikos | Larissa | Kifisias
86%
Belgium Union SG | Sint-Truiden | Club Brugge | Anderlecht | Mechelen | Gent | Standard Liège | Genk | Westerlo | Charleroi | Antwerp | Zulte Waregem | Leuven | Cercle Brugge | La Louvière | Dender
86%
Switzerland Lugano | Basel | Lausanne-Sport | Luzern | Servette | Zurich | Sion | St. Gallen | Young Boys | Thun | Grasshoppers | Winterthur
83%
Austria Sturm | Austria Vienna | Rapid Vienna | Wolfsberg | RB Salzburg | Blau-weiss Linz | LASK | Hartberg | WSG Tirol | SV Ried | Grazer | Altach
83%
Croatia Rijeka | Hajduk Split | Dinamo Zagreb | Osijek | Varaždin | Slaven Belupo | Lokomotiva Zagreb | Istra | Vukovar | Gorica
81%
Denmark Copenhagen | Midtjylland | Randers | AGF | Brøndby | Silkeborg | Nordsjælland | Viborg | Sønderjyske | Vejle | Odense | Fredericia
79%
Poland Lech Poznań | Raków Częstochowa | Jagiellonia | Legia Warsaw | Cracow | Górnik Zabrze | Motor Lublin | Pogoń Szczecin | Widzew Lodz | GKS Katowice | Piast Gliwice | Radomiak Radom | Zagłębie | Korona Kielce | Lechia | Arka Gdynia | Nieciecza | Wisła Płock
78%
Sweden* Malmö | Hammarby | AIK | Djurgården | Mjällby | Göteborgs | Elfsborg | Häcken | Sirius | Brommapojkarna | Halmstad | IFK Göteborg | Degerfors | Kalmar | Västerås SK | Örgryte
78%
Czechia Slavia Prague | Viktoria Plzeň | Sparta Prague | Baník | Jablonec | Mladá Boleslav | Sigma Olomouc | Hradec Králové | Slovácko | Slovan Liberec | Karviná | Bohemians 1905 | Teplice | Pardubice | Dukla | Zlin
78%
Norway* Bodø/Glimt | Aalesund | Fredrikstad | Hamarkameratene | Start | KFUM Oslo | Kristiansund | Lillestrøm | Molde FK | Rosenborg | Sarpsborg | Sandefjord | Brann | Viking | Trømso | Vålerenga
76%
Russia Krasnodar | Zenit | Spartak Moscow | Dinamo Moscow | Lokomotiv Moscow | CSKA Moscow | Rostov | Rubin Kazan | Akron Toljatti | Krylya Sovetov | Dinamo Machačkala | Pari Nizhny Novgorod | Akhmat | Baltica | Torpedo Moscow | Soči
76%
Serbia Red Star | Partizan | OFK Belgrade | Mladost Lučani | Radnički | Vojvodina | Bačka Topola | Čukarički | Železničar Pančevo | Novi Pazar | Radnički Niš | Napredak | Spartak Subotica | Radnik Surdulica | IMT | Javor Ivanjica
76%
Belarus* Dinamo Minsk | Neman Grodno | Torpedo Zhodino | Dinamo Brest | Vitebsk | Homel | Isloch Minsk | BATE Borisov | Dzjaržynsk | Slavija-Mazyr | Minsk | Naftan Navapolack | ML Vitebsk | Belšyna Babrujsk | Baranavičy | Dnjapro Mahilëŭ
75%
Kazakhstan* Aktobe | Altay | Astana | Atyrau | Ertis | Kaspii | Qyzyljar | Ordabasy | Spartak | Jeñis | Kairat | Qaysar | Oqjetpes | Tobol | Ulytau | Jetisu
73%
Ireland Bohemians | Cork | Derry | Drogheda | Galway | Shamrock Rovers | Shelbourne | Sligo | St Patrick's | Waterford
73%
Turkey Galatasary | Fenerbahçe | Samsunspor | Göztepe | Eyüpspor | Beşiktaş | İstanbul Başakşehir | Gaziantep | Rizespor | Trabzonspor | Alanyaspor | Kasımpaşa | Antalyaspor | Konyaspor | Kayserispor | Kocaelispor | Genclerbirligi | Karagümrük
73%
Cyprus Omonia | Apollon | AEK Larnaca | Pafos | APOEL | Aris Limassol | AEL Limassol | Omonia Aradippou | Anorthosis | Akritas Chlorakas | Olympiakos Leukōsias | Ethnikos Achnas | Digenis Ipsona | Enosis Paralimni
73%
Hungary Puskás Akadémia | Ferencváros | Diósgyőr | MTK | Paks | Újpest | Nyíregyháza | Győr | Zalaegerszegi | Debrecen | Kisvarda | Kazincbarcika
71%
Romania U Cluj | FCSB | Dinamo Bucharest | U Craiova | CFR Cluj | Petrolul | Rapid Bucharest | Hermannstadt | UTA Arad | Oţelul Galaţi | Farul Constanța | Unirea Slobozia | Botoşani | Csikszereda | Metaloglobus | Argeș Pitești
71%
Bulgaria Levski Sofia | CSKA 1948 Sofia | Ludogorets | CSKA Sofia | Cherno More | Lokomotiv Plovdiv | Arda Kardzhali | Slavia Sofia | Botev Vraca | Lokomotiv Sofia | Botev Plovdiv | Dobrudža Dobrič | Septemvri | Beroe | Montana | Spartak Varna
70%
Albania Partizani | Dinamo Tirana | Vllaznia | Egnatia | Elbasani | Teuta | Bylis | Vora | Tirana | Flamurtari
68%
Azerbaijan Qarabağ | Araz Peşəkar | Turan Tovuz | Zira | Sabah | Sumgayit | Şamaxı | Neftçi | Kapaz | Karvan İdman | Qäbälä | İmişli
67%
Slovenia Olimpija Ljubljana | Maribor | Koper | Celje | Bravo | Primorje | Mura | Radomlje | Domžale | Aluminij
65%
Moldova Sheriff | Zimbru | Petrocub | Bălți | Milsami | Spartanii Sportul | Dacia Buiucani | Politehnica UTM
63%
Slovakia Slovan Bratislava | Žilina | Spartak Trnava | Dunajská Streda | Podbrezová | Michalovce | Košice | Komárno | Ružomberok | Tatran Presov | Trenčín | Skalica
63%
Ukraine Dinamo Kyiv | PFK Oleksandrija | Shakhtar Donetsk | Kryvbas | Polissja Žytomyr | Karpaty | Ruch Lviv | Zorya | Veres Rivne | LNZ | Kolos Kovalivska | Obolon-Brovar Kyiv | Epicentr | SC Poltava | Metalist 1925 | Kudrivka
60%
Finland* Oulu | Inter Turku | FC Lahti | Jaro | HJK | Gnistan | Mariehamm | KuPS | SJK | Ilves | Turun | VPS
59%
Armenia Noah | Urartu | Pyunik | Ararat-Armenia | Van | Shirak | BKMA | Ararat | Alashkert | Gandsazar
54%
Gibraltar St Joseph's | Lincoln | Mons Calpe | College Europa | Lions Gibraltar | Lynx | Bruno's Magpies | Europa Point | College 1975 | Glacis United | Hound Dogs | Manchester 62
54%
Malta Birkirkara | Floriana | Sliema Wanderers | Hibernians | Mosta | Ħamrun Spartans | Gżira United | Marsaxlokk | Naxxar Lions | Żabbar St. Patrick | Tarxien Rainbows | Valletta
51%
Andorra Inter Escaldes | Rangers | FC Santa Coloma | UE Santa Coloma | Atlètic Escaldes | Pas de la Casa | Ordino | Penya | Carroi | Esperanca
49%
Wales The New Saints | Penybont | Haverfordwest | Caernarfon Town | Cardiff MU | Barry Town | Bala Town | Connah's Quay | Briton Ferry | Flint Town | Colwyn Bay | Llanelli Town
49%
Iceland* Breidablik | FH | Fram | ÍA | IBV | Akureyri | Keflavíkur | KR | Stjarnan | Valur | Þór | Víkíngur
46%
Northern Ireland Linfield | Dungannon | Glentoran | Portadown | Larne | Cliftonville | Ballymena | Crusaders | Coleraine | Glenavon | Carrick Rangers | Bangor
44%
Bosnia and Herzegovina Zrinjski Mostar | Borac Banja Luka | FK Sarajevo | Željezničar | Velež Mostar | Široki Brijeg | Radnik Bijeljina | Posušje | Sloga Doboj | Ruda Prijedor
44%
Luxembourg Differdange | Dudelange | Racing Luxembourg | Swift Esperange | Progrès | UNA Strassen | Mondorf | Jeunesse Esch | Victoria Rosport | Titus Pétange | Hostert | Rodange | Mamer 32 | Käerjéng | Atert Bissen | Jeunesse Canach
43%
Georgia FC Spaeri | Saburtalo | Gagra | Dila Gori | Meshakhte Tkibuli | Dinamo Tbilisi | Dinamo Batumi | Rustavi | Samgurali Tskhaltubo | Torpedo Kutaisi
40%
Kosovo Drita | Ballkani | Malisheva | Prishtina | Gjilani | Dukagjini | Ferizaj | Llapi | Drenica | Prishtina e Re
37%
Estonia* Kuressaare | Nõmme United | Levadia | Harju | Trans Narva | Nõmme Kalju | Paide | Vaprus Parnu | Flora | Tammeka Tartu
37%
San Marino Virtus | La Fiorita | Fiorentino | Folgore | Tre Fiori | Cosmos | Tre Penne | San Giovanni | Murata | Faetano | Domagnano | Libertas | San Marino Academy (U22) | Juvenes Dogana | Cailungo | Pennarossa
33%
Lithuania* Banga Gargždai | Telšiai | FA Šiauliai | Hegelmann | Kauno Žalgiris | Riteriai | TransINVEST | Žalgiris | Sūduva | Panevėžys
32%
Latvia* BFC Daugavpils | Rigas FS | Auda | Liepāja | Tukums 2000 | FS Jelgava | Grobiņas | Ogre United | Riga FC | Super Nova
32%
Montenegro Budućnost | OFK Petrovac | Bokelj | Dečić | Arsenal Tivat | Mornar Bar | Sutjeska Nikšić | Bijelo Polje | Jezero | Mladost
32%
North Macedonia Sileks | Shkëndija | Rabotnički | Struga | Shkupi | Pelister | Akademija Pandev | GFK Tikveš | Vardar | Makedonija GP | Arsimi | Baksimi
32%
Faroe Islands* 07 Vestur | B36 | B68 Toftir | EB/Streymur | HB Torshavn | KÍ Klaksvík | NSÍ Runavik | Víkíngur Gøta | Skála ÍF
30%
No matching quizzes found
Score Distribution
Percent of People with Each Score
Percentile by Number Answered
Your Score History
You have not taken this quiz since the last reset